Ricostruisci la Carriera del Calciatore - Federico Dimarco - Statistics

Statistiche generali
  • Questo quiz è stato fatto 30 volte
  • Il punteggio medio è 4 su 8
Statistiche sulle risposte
Hint Risposta % Corretto
2021- Inter
76%
2018-2019 Parma
53%
2017-2018 Sion
47%
2020-2021 Verona
47%
2016 Ascoli
41%
2016-2017 Empoli
41%
2019-2020 Inter
41%
2014-2016 Inter
35%
Nessun quiz corrispondente trovato
Distribuzione punteggi
Percentuale di utenti per punteggio
Percentile per numero di risposta
I tuoi punteggi nel tempo
Non hai fatto questo quiz